Aplikácia neurónových sietí pre modelovanie prostredia

Guardado en:
Detalles Bibliográficos
Autor principal: Trhan, Peter, 1975- (Autor)
Otros Autores: Vojtek, Vladimír, 1954- (Orientador)
Formato: Manuscrito Libro
Lenguaje:eslovaco
Publicado: STU v Bratislave FIIT, 2008
Materias:
Etiquetas: Agregar Etiqueta
Sin Etiquetas, Sea el primero en etiquetar este registro!

MARC

LEADER 00000ntm a22000003a 4500
001 stu177414
005 20150617230047.0
008 081217s2008----xo------------------slo-d
040 |a STU  |b slo 
041 0 |a slo 
044 |a xo 
100 1 |a Trhan, Peter,  |d 1975-  |4 aut  |u I300  |U FIIT Fakulta informatiky a informačných technológií  |T FIIT Ústav aplikovanej informatiky  |X 62318  |U I300  |Y 180  |7 A000062318 
245 1 |a Aplikácia neurónových sietí pre modelovanie prostredia 
260 |b STU v Bratislave FIIT,  |c 2008 
300 |a 137 s 
650 7 |a neurónové siete  |2 stusub 
700 1 |a Vojtek, Vladimír,  |d 1954-  |4 ths  |u I300  |U FIIT Fakulta informatiky a informačných technológií  |T FIIT Ústav aplikovanej informatiky  |X 1930  |U I300  |Y 180  |7 A000001930 
996 |b IDIZP20/08  |c I*DIZP20/08  |l II680  |s A  |a 24  |w stu177414_0002